[Event "IIFL Wealth  4th Mumbai Junior U-13"]
[Site "Mumbai"]
[Date "2019.01.07"]
[Round "9"]
[White "Aditya Varun Gampa"]
[Black "Dande Vyankatesh S"]
[Result "1/2-1/2"]
[WhiteElo "1809"]
[BlackElo "1418"]
[Annotator "NA RC"]
[PlyCount "182"]
[EventDate "2018.12.30"]
[EventType "swiss"]
[EventCountry "IND"]
[SourceTitle "playchess.com"]
[Source "ChessBase"]
[SourceQuality "1"]
[TimeControl "40/5400+30:1800+30"]

1. e4 {[%emt 0:07:03]} e5 {[%emt 0:00:00]} 2. Nf3 {[%emt 0:00:05]} Nf6 {[%emt 0:00:00]} 3. Nxe5 {[%emt 0:00:09]} d6 {[%emt 0:00:00]} 4. Nf3 {[%emt 0:00:07]} Nxe4 {[%emt 0:00:00]} 5. c4 {[%emt 0:00:06]} d5 {[%emt 0:01:53]} 6. cxd5 {[%emt 0:00:28] C42: Petroff Defence: 3 Nxe5 and unusual White 3rd moves} Qxd5 {[%emt 0:00:10]} 7. Nc3 {[%emt 0:00:44]} (7. Be2 Bd6 8. Nc3 Nxc3 9. dxc3 Qxd1+ 10. Bxd1 O-O 11. Be3 Nc6 12. Bc2 h6 13. O-O-O Be6 {½-½ (79) Vavulin,M (2575)-Fedoseev,V (2724) Moscow 2018}) 7... Nxc3 {[%emt 0:01:45]} 8. bxc3 {[%emt 0:01:08]} Be7 {[%emt 0:00:28]} 9. Be2 {[%emt 0:01:16]} Nc6 $146 {[%emt 0:00:48]} ({Predecessor:} 9... c5 10. c4 Qd6 11. Bb2 Bf6 12. Bxf6 Qxf6 13. Rb1 Nc6 {0-1 (35) Szymczak,Z (2400)-Drtina,M (2225) Trnava 1989}) 10. d4 {[%emt 0:00:41]} Bf6 {[%emt 0:12:58]} 11. Be3 {[%emt 0:01:12]} Bf5 {[%emt 0:03:46]} 12. Qb3 {[%emt 0:01:16]} Qxb3 {[%emt 0:00:36]} 13. axb3 {[%emt 0:00:10]} O-O {[%emt 0:00:29]} 14. O-O {[%emt 0:00:38]} a6 {[%emt 0:08:37]} 15. b4 {[%emt 0:00:49]} Rfe8 {[%emt 0:01:24]} 16. Rad1 {[%emt 0:02:05]} Rad8 {[%emt 0:00:31]} 17. d5 {[%emt 0:01:08]} Nb8 {[%emt 0:04:42]} 18. Nd4 {[%emt 0:01:56]} Bg6 {[%emt 0:07:23]} 19. c4 {[%emt 0:00:43]} Nd7 {[%emt 0:01:33]} 20. b5 {[%emt 0:02:34]} axb5 {[%emt 0:00:44]} (20... a5 $15) 21. Nxb5 {[%emt 0:00:12]} Be5 {[%emt 0:03:23]} 22. c5 {[%emt 0:01:37]} Nf6 {[%emt 0:25:47]} 23. d6 {[%emt 0:03:04]} cxd6 {[%emt 0:01:35]} 24. Nxd6 {[%emt 0:00:54]} Bxd6 {[%emt 0:00:33]} 25. Rxd6 {[%emt 0:00:17]} Ne4 {[%emt 0:01:21]} 26. Rb6 {[%emt 0:01:09]} Nxc5 {[%emt 0:02:06]} 27. Rc1 {[%emt 0:02:02]} Nd3 {[%emt 0:03:54]} 28. Bxd3 {[%emt 0:01:00]} Rxd3 {[%emt 0:00:10]} 29. Rxb7 {[%emt 0:00:10]} Red8 {[%emt 0:00:30]} 30. h3 {[%emt 0:00:36]} Rd1+ {[%emt 0:00:53]} 31. Rxd1 {[%emt 0:00:08]} Rxd1+ {[%emt 0:00:06]} 32. Kh2 {[%emt 0:00:07]} h6 {[%emt 0:00:07]} 33. h4 {[%emt 0:01:59]} Re1 {[%emt 0:00:58]} 34. g4 {[%emt 0:00:45]} Rh1+ {[%emt 0:01:30]} 35. Kg3 {[%emt 0:00:23]} Rg1+ {[%emt 0:00:19]} 36. Kf4 {[%emt 0:00:19]} h5 {[%emt 0:01:04]} 37. f3 {[%emt 0:00:26]} Rf1 {[%emt 0:01:28]} 38. Rb8+ {[%emt 0:03:16]} ({Better is} 38. g5 $11) 38... Kh7 {[%emt 0:00:17]} 39. Kg3 {[%emt 0:00:44]} hxg4 {[%emt 0:01:03]} 40. fxg4 {[%emt 0:00:00]} Be4 {[%emt 0:00:00]} 41. Bf2 {[%emt 0:01:33]} Rc1 {[%emt 0:01:52]} 42. Kf4 {[%emt 0:02:01]} Bd5 {[%emt 0:00:33]} 43. Rd8 {[%emt 0:01:33]} Rc4+ {[%emt 0:00:22]} 44. Ke5 {[%emt 0:01:09]} Be6 {[%emt 0:00:08]} 45. g5 {[%emt 0:00:26]} Rc2 {[%emt 0:00:30]} 46. Bg3 {[%emt 0:01:48]} Rc5+ {[%emt 0:01:07]} 47. Kf4 {[%emt 0:01:13]} Rc4+ {[%emt 0:00:27]} 48. Ke3 {[%emt 0:00:26]} Rc3+ {[%emt 0:00:29]} 49. Kf2 {[%emt 0:00:30]} Kg6 {[%emt 0:00:50]} 50. Rh8 {[%emt 0:01:09]} Kf5 {[%emt 0:00:30]} 51. Bd6 {[%emt 0:00:55]} Rc2+ {[%emt 0:04:20]} 52. Ke3 {[%emt 0:00:24]} Rc3+ {[%emt 0:00:32]} 53. Kd4 {[%emt 0:00:55]} Rc4+ {[%emt 0:00:34]} 54. Kd3 {[%emt 0:00:12]} g6 {[%emt 0:04:58]} 55. Be7 {[%emt 0:00:54]} Rg4 {[%emt 0:00:40]} 56. h5 {[%emt 0:00:24]} gxh5 {[%emt 0:00:53]} 57. Rxh5 {[%emt 0:00:10]} Rg3+ {[%emt 0:00:09]} 58. Ke2 {[%emt 0:00:38]} Ke4 {[%emt 0:01:51]} 59. Rh4+ {[%emt 0:00:30]} Rg4 {[%emt 0:00:21]} 60. Rh2 {[%emt 0:00:27]} Bc4+ {[%emt 0:01:00]} 61. Kd2 {[%emt 0:00:13]} Be6 {[%emt 0:00:02]} 62. Kc3 {[%emt 0:01:36]} Kf5 {[%emt 0:01:25]} 63. Re2 {[%emt 0:00:45]} Rc4+ {[%emt 0:00:18]} 64. Kd3 {[%emt 0:00:26]} Rf4 {[%emt 0:00:30]} 65. Re1 {[%emt 0:00:34]} Rf3+ {[%emt 0:00:08]} 66. Kd4 {[%emt 0:00:10]} Rf4+ {[%emt 0:00:18]} 67. Kc5 {[%emt 0:00:14]} Rc4+ {[%emt 0:00:27]} 68. Kb5 {[%emt 0:00:14]} Rc7 {[%emt 0:00:27]} 69. Bf6 {[%emt 0:00:47] Decoy} Kg6 {[%emt 0:00:23]} 70. Kb6 {[%emt 0:00:23]} Rc4 {[%emt 0:00:11]} 71. Rh1 {[%emt 0:00:15]} Rb4+ {[%emt 0:00:26]} 72. Kc5 {[%emt 0:00:10]} Rc4+ {[%emt 0:00:03]} 73. Kd6 {[%emt 0:00:15]} Rc2 {[%emt 0:00:32]} 74. Rh6+ {[%emt 0:00:22]} Kf5 {[%emt 0:00:12]} 75. Ke7 {[%emt 0:00:36]} Rc8 {[%emt 0:00:19]} 76. Rh7 {[%emt 0:00:40]} Ra8 {[%emt 0:00:38]} 77. Rg7 {[%emt 0:00:49]} Ra7+ {[%emt 0:00:21]} 78. Ke8 {[%emt 0:00:15]} Bd5 {[%emt 0:01:38]} 79. Bd8 {[%emt 0:01:13]} Ke6 {[%emt 0:02:24]} 80. g6 {[%emt 0:02:17]} Ra8 {[%emt 0:01:37]} 81. Rxf7 {[%emt 0:00:38]} Bc6+ {[%emt 0:00:10]} 82. Kf8 {[%emt 0:00:06]} Rxd8+ {[%emt 0:00:02]} 83. Kg7 {[%emt 0:00:07]} Bd5 {[%emt 0:00:49]} 84. Rf2 {[%emt 0:00:27]} Be4 {[%emt 0:01:33]} 85. Re2 {[%emt 0:00:07]} Ke5 {[%emt 0:00:27]} 86. Kh6 {[%emt 0:00:48]} Rd6 {[%emt 0:00:40]} 87. Kh7 $11 {[%emt 0:00:22]} Kf4 {[%emt 0:02:00]} 88. Rxe4+ {[%emt 0:00:33]} Kxe4 {[%emt 0:00:19]} 89. g7 {[%emt 0:00:05]} Rd7 {[%emt 0:00:33]} 90. Kh8 {[%emt 0:00:08]} Rxg7 {[%emt 0:00:06]} 91. Kxg7 {[%emt 0:00:06]} Ke5 1/2-1/2

[Event "IIFL Wealth  4th Mumbai Junior U-13"]
[Site "Mumbai"]
[Date "2019.01.07"]
[Round "9"]
[White "Barde Om"]
[Black "Agarwal Mukund H"]
[Result "1-0"]
[WhiteElo "1801"]
[BlackElo "1375"]
[Annotator "NA RC"]
[PlyCount "69"]
[EventDate "2018.12.30"]
[EventType "swiss"]
[EventCountry "IND"]
[SourceTitle "playchess.com"]
[Source "ChessBase"]
[SourceQuality "1"]
[TimeControl "40/5400+30:1800+30"]

1. e4 {[%emt 0:00:00]} c5 {[%emt 0:00:00]} 2. Nf3 {[%emt 0:00:04]} d6 {[%emt 0:00:00]} 3. d4 {[%emt 0:00:05]} cxd4 {[%emt 0:00:00]} 4. Nxd4 {[%emt 0:00:05]} Nf6 {[%emt 0:00:00]} 5. Nc3 {[%emt 0:00:06]} g6 {[%emt 0:00:00]} 6. Be3 {[%emt 0:00:03]} Bg7 {[%emt 0:00:00]} 7. f3 {[%emt 0:00:08]} O-O {[%emt 0:00:02]} 8. Bc4 {[%emt 0:00:14]} Nc6 {[%emt 0:00:05]} 9. Qd2 {[%emt 0:00:15]} Bd7 {[%emt 0:00:10]} 10. O-O-O {[%emt 0:00:14]} Rc8 {[%emt 0:00:14]} 11. Bb3 {[%emt 0:00:05]} Ne5 {[%emt 0:05:23]} 12. g4 {[%emt 0:02:20]} Nc4 {[%emt 0:08:18]} 13. Bxc4 {[%emt 0:00:03]} Rxc4 {[%emt 0:00:04]} 14. Kb1 {[%emt 0:01:06]} a6 {[%emt 0:03:50]} 15. h4 {[%emt 0:04:44] B78: Sicilian Dragon: Yugoslav Attack, 9 Bc4 Bd7 10 0-0-0 Rc8} h5 {[%emt 0:08:06]} 16. gxh5 {[%emt 0:07:56] LiveBook: 4 Games} Nxh5 {[%emt 0:00:12]} 17. Nce2 {[%emt 0:00:26]} (17. Rdg1 Kh7 18. Rg5 Rh8 19. Qd3 b5 20. e5 Kg8 21. e6 fxe6 22. Rhg1 Qf8 23. Rxg6 {1-0 (40) Smirin,I (2656)-Abdyjapar,A (2368) Tromsoe 2014}) 17... Qc7 {[%emt 0:09:45]} 18. Bh6 {[%emt 0:31:59]} Rc8 {[%emt 0:14:01]} 19. Bxg7 {[%emt 0:00:06]} Kxg7 {[%emt 0:00:30]} 20. c3 {[%emt 0:19:46]} b5 {[%emt 0:03:52]} 21. Rdg1 {[%emt 0:01:25]} b4 {[%emt 0:01:41]} 22. Qg5 $146 {[%emt 0:16:55]} ({Predecessor:} 22. cxb4 e5 {1-0 (35) Kugler,F (2104)-Tkachuk,K (2176) Oberhof 2010}) 22... Rc5 {[%emt 0:00:57]} 23. Nf5+ {[%emt 0:08:17]} ({Reject} 23. Qxe7 Kg8 $19) (23. Qe3 $1 $11 {was the only way to keep the balance.}) 23... Bxf5 {[%emt 0:03:33]} 24. exf5 {[%emt 0:00:02]} Rh8 $2 {[%emt 0:02:21]} (24... bxc3 $17 25. Nxc3 Rxc3 26. Qxh5 Qc5) 25. cxb4 {[%emt 0:03:11]} Rd5 {[%emt 0:01:35]} (25... Re5 $142) 26. Nc3 $18 {[%emt 0:01:36]} Re5 {[%emt 0:01:03]} 27. f4 {[%emt 0:00:47]} Re3 {[%emt 0:00:24]} 28. Nd5 {[%emt 0:00:38]} Qc4 {[%emt 0:00:38]} 29. Nxe3 {[%emt 0:00:17]} Qd3+ {[%emt 0:00:00]} 30. Nc2 {[%emt 0:00:20]} Rc8 {[%emt 0:00:08]} 31. Rh2 {[%emt 0:00:41]} Nf6 {[%emt 0:00:29]} 32. fxg6 {[%emt 0:01:04]} fxg6 {[%emt 0:00:03]} 33. f5 {[%emt 0:00:14]} Ne4 {[%emt 0:00:36]} 34. Qxg6+ {[%emt 0:00:10]} Kh8 {[%emt 0:00:02]} 35. Qh5# {[%emt 0:00:06]} 1-0

[Event "IIFL Wealth  4th Mumbai Junior U-13"]
[Site "Mumbai"]
[Date "2019.01.07"]
[Round "9"]
[White "Garv Rai"]
[Black "Shreyas Seshadri Nallore"]
[Result "1-0"]
[WhiteElo "1772"]
[BlackElo "1343"]
[Annotator "NA RC"]
[PlyCount "41"]
[EventDate "2018.12.30"]
[EventType "swiss"]
[EventCountry "IND"]
[SourceTitle "playchess.com"]
[Source "ChessBase"]
[SourceQuality "1"]
[TimeControl "40/5400+30:1800+30"]

1. d4 {[%emt 0:01:22]} Nf6 {[%emt 0:00:00]} 2. Bf4 {[%emt 0:00:02]} e6 {[%emt 0:00:05]} 3. e3 {[%emt 0:00:06]} d5 {[%emt 0:00:04]} 4. Nd2 {[%emt 0:00:14]} c5 {[%emt 0:00:16]} 5. c3 {[%emt 0:00:11]} Be7 {[%emt 0:00:28]} 6. Ngf3 {[%emt 0:00:07]} O-O {[%emt 0:00:46]} 7. Ne5 {[%emt 0:00:07]} Nbd7 {[%emt 0:01:04]} 8. Bd3 {[%emt 0:00:13]} c4 {[%emt 0:00:42]} 9. Bc2 {[%emt 0:00:01]} Nxe5 {[%emt 0:00:53]} 10. dxe5 {[%emt 0:00:08]} Nd7 {[%emt 0:00:11]} 11. Nf3 {[%emt 0:01:00]} b5 {[%emt 0:02:33]} 12. h4 {[%emt 0:00:12]} f6 {[%emt 0:07:57]} 13. Bxh7+ {[%emt 0:10:27]} Kxh7 {[%emt 0:14:45]} 14. Ng5+ {[%emt 0:00:38]} fxg5 {[%emt 0:22:14]} 15. hxg5+ {[%emt 0:00:30]} Kg8 16. Rh8+ Kxh8 {[%emt 0:00:13]} 17. Qh5+ {[%emt 0:00:31]} Kg8 {[%emt 0:00:06]} 18. g6 {[%emt 0:00:08]} Nf6 {[%emt 0:00:29]} 19. exf6 {[%emt 0:00:13]} Rxf6 {[%emt 0:00:05]} 20. Qh7+ {[%emt 0:00:10]} Kf8 {[%emt 0:00:01]} 21. Qh8# {[%emt 0:00:20]} 1-0

[Event "IIFL Wealth  4th Mumbai Junior U-13"]
[Site "Mumbai"]
[Date "2019.01.07"]
[Round "9"]
[White "Devesh Anand Naik"]
[Black "Pranav, V."]
[Result "0-1"]
[WhiteElo "1763"]
[BlackElo "2318"]
[Annotator "TA"]
[PlyCount "104"]
[EventDate "2018.12.30"]
[EventType "swiss"]
[EventCountry "IND"]
[SourceTitle "playchess.com"]
[Source "ChessBase"]
[SourceQuality "1"]

{[%evp 16,103,39,39,38,42,46,42,46,36,47,55,78,21,31,16,54,0,8,-22,10,-29,-7,-15,-18,-164,-140,-185,-183,-187,-191,-196,-207,-193,-193,-343,-350,-557,-554,-458,-516,-614,-637,-690,-692,-675,-675,-931,-923,-1808,-1705,-1997,-1937,-1712,-1822,-1696,-1498,-1435,-1135,-1902,-1878,-1928,-1805,-29983,-29984,-29986,-29987,-29987,-29988,-29989,-29990,-29993,-29993,-29993,-29994,-29994,-29993,-29993,-29994,-29994,-29995,-29995,-29996,-29996,-29997,-29998,-29998,-29998,-29999,-29999]} 1. Nf3 Nf6 2. g3 d6 3. d4 g6 4. Bg2 Bg7 5. O-O O-O 6. Nbd2 Nbd7 7. e4 e5 8. c3 Qe7 {A49: 1 d4 Nf6 2 Nf3 g6 3 g3: Anti-King's Indian systems} 9. Re1 {LiveBook: 6 Games} b6 10. a4 a6 $146 {White is slightly better.} ({Predecessor:} 10... a5 11. b3 Bb7 12. Qc2 Rfe8 {½-½ (12) Kuligowski,A (2400)-Sygulski,A (2400) Wroslaw 1987}) 11. b3 Bb7 12. Bb2 Rae8 13. Ba3 c5 14. dxe5 (14. d5 $16) 14... dxe5 $11 15. Qc2 Rd8 16. Rad1 b5 17. Nh4 Nb8 {[%cal Bd7b8,Bb8c6,Bc6d4][%mdl 32]} 18. Nf1 b4 19. Bb2 Nc6 20. c4 (20. Rxd8 $11 {and White stays safe.} Rxd8 21. Nf3) 20... Nd4 $36 {[%mdl 2048] White is under strong pressure.} 21. Bxd4 cxd4 ({Don't take} 21... Rxd4 22. Ne3 $11) ({Not} 21... exd4 22. e5 $11) 22. Re2 Nd7 23. Nf3 Nc5 24. Ne1 {[#]} f5 $1 {[%cal Rf5e4]} 25. exf5 (25. Nd3 $142) 25... Bxg2 (25... gxf5 $2 26. Nd3 $19) 26. Nxg2 (26. Kxg2 $142 e4 27. Qb1) 26... d3 27. Rxd3 Rxd3 28. fxg6 hxg6 29. Nf4 Rxf4 30. gxf4 e4 31. Ng3 Qd7 32. Rxe4 Nxe4 33. Nxe4 Qg4+ 34. Ng3 Qd1+ 35. Qxd1 Rxd1+ 36. Kg2 Rd3 37. c5 Rxb3 38. Ne4 {[#]} Rc3 $1 39. Nxc3 bxc3 {[%mdl 4096] Endgame KB-KP. Black mates.} 40. c6 c2 41. c7 c1=Q 42. c8=Q+ Qxc8 43. a5 Kf7 44. f5 Kf6 45. h4 Ke5 46. f6 Bf8 47. h5 Kf4 48. hxg6 Qg4+ 49. Kf1 Kf3 50. g7 Bb4 {[%csl Gf3][%cal Rg4g2]} 51. g8=Q Qxg8 {[%csl Gf3][%cal Rg8g2]} 52. f7 Qg2# {Precision: White = 37%, Black = 70%.} 0-1

[Event "IIFL Wealth  4th Mumbai Junior U-13"]
[Site "Mumbai"]
[Date "2019.01.07"]
[Round "9"]
[White "Bhagyashree Patil"]
[Black "Ananya Arumbakkam"]
[Result "1/2-1/2"]
[WhiteElo "1758"]
[BlackElo "1405"]
[Annotator "NA RC"]
[PlyCount "103"]
[EventDate "2018.12.30"]
[EventType "swiss"]
[EventCountry "IND"]
[SourceTitle "playchess.com"]
[Source "ChessBase"]
[SourceQuality "1"]
[TimeControl "40/5400+30:1800+30"]

1. e4 {[%emt 0:02:26]} e5 {[%emt 0:00:00]} 2. Nf3 {[%emt 0:00:11]} Nc6 {[%emt 0:00:00]} 3. Bc4 {[%emt 0:01:21]} Bc5 {[%emt 0:00:15]} 4. c3 {[%emt 0:00:04]} Nf6 {[%emt 0:00:24]} 5. d3 {[%emt 0:00:02]} O-O {[%emt 0:00:20]} 6. O-O {[%emt 0:00:55]} d6 {[%emt 0:00:41]} 7. b4 {[%emt 0:00:17]} Bb6 {[%emt 0:01:34]} 8. a4 {[%emt 0:00:10]} a5 {[%emt 0:01:43]} 9. b5 {[%emt 0:01:41]} Ne7 {[%emt 0:00:41]} 10. Re1 {[%emt 0:06:42]} Ng6 {[%emt 0:02:12]} 11. Bb3 {[%emt 0:05:45]} c6 {[%emt 0:01:31]} 12. d4 {[%emt 0:02:36]} exd4 {[%emt 0:06:12]} 13. cxd4 {[%emt 0:06:35]} d5 {[%emt 0:03:31]} 14. e5 {[%emt 0:01:32]} Ne4 {[%emt 0:01:36]} 15. bxc6 {[%emt 0:00:39]} bxc6 {[%emt 0:00:54]} 16. Ba3 {[%emt 0:02:27]} Re8 {[%emt 0:05:28]} 17. Nbd2 {[%emt 0:06:20]} Bf5 {[%emt 0:03:32]} 18. Bc2 {[%emt 0:00:37]} Nc3 {[%emt 0:07:26]} 19. Qc1 {[%emt 0:00:41]} Nf4 {[%emt 0:00:46]} 20. Bd1 {[%emt 0:09:29]} Nxd1 {[%emt 0:03:39]} 21. Qxd1 {[%emt 0:00:04]} Re6 {[%emt 0:04:44]} 22. Nf1 {[%emt 0:04:01]} Rc8 {[%emt 0:15:47]} 23. Ng3 {[%emt 0:02:18]} Bg6 {[%emt 0:02:36]} 24. Qd2 {[%emt 0:01:31]} Nh5 {[%emt 0:03:06]} 25. Ng5 {[%emt 0:04:22]} Re8 {[%emt 0:00:51]} 26. Nxh5 {[%emt 0:00:04]} Bxh5 {[%emt 0:00:24]} 27. f4 {[%emt 0:00:03]} f6 {[%emt 0:06:39]} 28. Nh3 {[%emt 0:01:05]} c5 {[%emt 0:03:58]} 29. dxc5 {[%emt 0:03:38]} Bxc5+ {[%emt 0:00:10]} 30. Bxc5 {[%emt 0:00:06]} Rxc5 {[%emt 0:00:08]} 31. Nf2 {[%emt 0:01:01]} Qb6 {[%emt 0:09:24]} 32. Rab1 {[%emt 0:02:17]} Qc6 {[%emt 0:02:51]} 33. Rbc1 {[%emt 0:05:47]} fxe5 {[%emt 0:02:20]} 34. Rxc5 {[%emt 0:00:48]} Qxc5 {[%emt 0:00:06]} 35. fxe5 {[%emt 0:00:31]} Bg6 {[%emt 0:02:02]} 36. h3 {[%emt 0:01:49]} Be4 {[%emt 0:03:48]} 37. Qb2 {[%emt 0:02:05]} Rf8 {[%emt 0:02:53]} 38. Re2 {[%emt 0:01:31]} Bd3 {[%emt 0:00:57]} 39. Rd2 {[%emt 0:00:19]} Bc4 {[%emt 0:00:32]} 40. Kh2 {[%emt 0:00:00]} Qe3 {[%emt 0:00:00]} 41. Ng4 {[%emt 0:03:12]} Qf4+ {[%emt 0:00:46]} 42. Kg1 Qf1+ {[%emt 0:01:04]} 43. Kh2 {[%emt 0:01:18]} Qf4+ {[%emt 0:00:05]} 44. Kg1 {[%emt 0:00:27]} Qf1+ {[%emt 0:00:06]} 45. Kh2 {[%emt 0:00:01]} Qf4+ {[%emt 0:00:13]} 46. Kg1 {[%emt 0:00:07]} Qf1+ {[%emt 0:00:05]} 47. Kh2 {[%emt 0:00:02]} Qf4+ {[%emt 0:00:05]} 48. Kg1 Qg3 49. Rf2 Rxf2 50. Nxf2 h6 51. e6 Qb3 52. Qd4 1/2-1/2

[Event "IIFL Wealth  4th Mumbai Junior U-13"]
[Site "Mumbai"]
[Date "2019.01.07"]
[Round "9"]
[White "Ananmay Sharma"]
[Black "Divya Deshmukh"]
[Result "0-1"]
[WhiteElo "1749"]
[BlackElo "2190"]
[Annotator "TA"]
[PlyCount "90"]
[EventDate "2018.12.30"]
[EventType "swiss"]
[EventCountry "IND"]
[SourceTitle "playchess.com"]
[Source "ChessBase"]
[SourceQuality "1"]

{[%evp 16,90,18,2,5,6,38,49,60,21,74,0,21,-15,-14,-35,-17,-33,-30,-32,-36,-41,-39,-41,-33,-38,-8,-16,-3,-4,23,13,33,27,47,51,33,45,47,41,54,64,84,50,36,37,30,29,46,0,0,-14,-6,-281,-279,-287,-273,-272,-262,-692,-668,-632,-622,-712,-435,-420,-417,-417,-417,-712,-710,-840,-836,-834,-825,-804,-794]} 1. d4 Nf6 2. Bf4 g6 3. e3 Bg7 4. c4 d5 5. Nc3 c6 6. Nf3 O-O 7. Be2 dxc4 8. Bxc4 Nbd7 9. h3 {LiveBook: 14 Games. D93: Grünfeld: 4 Nf3 Bg7 5 Bf4 0-0 6 e3} (9. O-O Nh5 10. Bg5 h6 11. Bh4 g5 12. Bg3 Nxg3 13. hxg3 e6 14. Qe2 Qe7 15. Rfd1 a5 16. Rac1 Rd8 17. e4 {½-½ (32) Koziak,V (2511)-Le Roux,J (2534) Guingamp 2012}) 9... b5 10. Be2 Bb7 11. O-O {White is slightly better.} a6 12. Rc1 Qb6 (12... c5 $11 {remains equal.}) 13. Qc2 $146 (13. e4 $16) ({Predecessor:} 13. b4) 13... Rfc8 14. Ne5 c5 15. Qb3 e6 (15... Nxe5 {feels hotter.} 16. Bxe5 cxd4 17. Bxd4 Qd6 18. f4 Ne4) 16. Bf3 cxd4 17. exd4 Bxf3 18. Nxf3 Qb7 19. a4 {[%cal Ra4b5]} b4 20. Bd6 a5 21. Nb5 Bh6 22. Rxc8+ Rxc8 23. Bxb4 $1 axb4 24. Nd6 Qa6 25. Nxc8 Qxc8 26. Qxb4 Nd5 27. Qb5 Nb8 28. Ne5 Bg7 29. a5 Bxe5 30. dxe5 Na6 31. Rd1 Kg7 32. Rd4 Qc1+ 33. Kh2 Qe1 34. f4 $2 {[%mdl 8192] [#]} (34. Rxd5 $11 Nc7 {[%mdl 64] Double Attack} 35. Rd1 Qxd1 36. Qc5) 34... Qf2 $1 $19 35. Rxd5 {aiming for Rd1.} Qxf4+ {[%mdl 4096] Endgame KQR-KQN} 36. Kg1 {Rd1 is the strong threat.} Nc7 {[%mdl 64] Double Attack} ({Stronger than} 36... exd5 37. Qxa6 Qe3+ 38. Kf1 $11) 37. Qb8 $2 (37. Qc5 Nxd5 38. a6) 37... Qe3+ 38. Kh2 Nxd5 39. a6 {If only White now had time for a7....} Nf4 {[#] ( -> ...Ne2)} 40. Qd8 Qf2 {[%csl Gf4][%cal Rf2g2]} 41. Qg5 Nd5 42. b4 (42. Qc1 $142) 42... Qb6 {Black is clearly winning.} 43. h4 h6 44. Qd2 Qxa6 45. Qf2 Qc4 {Accuracy: White = 35%, Black = 68%.} 0-1

[Event "IIFL Wealth  4th Mumbai Junior U-13"]
[Site "Mumbai"]
[Date "2019.01.07"]
[Round "9"]
[White "Sadbhav Rautela"]
[Black "Mitank Maru"]
[Result "1-0"]
[WhiteElo "1746"]
[BlackElo "1312"]
[Annotator "NA RC"]
[PlyCount "111"]
[EventDate "2018.12.30"]
[EventType "swiss"]
[EventCountry "IND"]
[SourceTitle "playchess.com"]
[Source "ChessBase"]
[SourceQuality "1"]
[TimeControl "40/5400+30:1800+30"]

1. e4 {[%emt 0:00:00]} c5 {[%emt 0:04:54]} 2. Nf3 {[%emt 0:00:00]} a6 {[%emt 0:00:07]} 3. d4 {[%emt 0:00:12]} cxd4 {[%emt 0:00:33]} 4. Nxd4 {[%emt 0:00:01]} Nf6 {[%emt 0:00:51]} 5. Nc3 {[%emt 0:00:54]} e5 {[%emt 0:03:33]} 6. Nf3 {[%emt 0:02:14]} Bb4 {[%emt 0:01:25]} 7. Bg5 {[%emt 0:10:40]} Qc7 {[%emt 0:11:28]} 8. Bd2 {[%emt 0:03:31]} d6 {[%emt 0:10:03]} 9. Bd3 {[%emt 0:03:53]} O-O {[%emt 0:02:15]} 10. O-O {[%emt 0:02:17]} Bg4 {[%emt 0:05:43]} 11. h3 {[%emt 0:03:28]} Be6 {[%emt 0:06:05]} 12. a3 {[%emt 0:02:23]} Ba5 {[%emt 0:02:37]} 13. Qe2 {[%emt 0:17:18]} Nc6 {[%emt 0:05:34]} 14. Rad1 {[%emt 0:15:19]} b5 {[%emt 0:06:23]} 15. a4 {[%emt 0:10:56]} Bxc3 {[%emt 0:11:57]} 16. Bxc3 {[%emt 0:00:13]} b4 {[%emt 0:01:39]} 17. Bd2 {[%emt 0:01:37]} a5 {[%emt 0:04:08]} 18. Bg5 {[%emt 0:02:05]} Nd7 {[%emt 0:02:53]} 19. Bb5 {[%emt 0:08:57]} Rfe8 {[%emt 0:04:01]} 20. Qd2 {[%emt 0:00:46]} Na7 {[%emt 0:04:48]} 21. Qxd6 {[%emt 0:06:12]} Nxb5 {[%emt 0:00:21]} 22. axb5 {[%emt 0:00:12]} Qxc2 {[%emt 0:01:02]} 23. Rd2 {[%emt 0:05:47]} Qxe4 {[%emt 0:01:28]} 24. Re1 {[%emt 0:00:37]} Qb7 {[%emt 0:00:42]} 25. Nxe5 {[%emt 0:00:53]} Nb6 {[%emt 0:02:27]} 26. Be3 {[%emt 0:00:45]} Nc4 {[%emt 0:01:35]} 27. Nxc4 {[%emt 0:00:19]} Bxc4 {[%emt 0:00:18]} 28. b6 {[%emt 0:00:13]} h6 {[%emt 0:01:29]} 29. Rc1 {[%emt 0:00:49]} Be6 {[%emt 0:01:12]} 30. Rc7 {[%emt 0:00:51]} Qb8 {[%emt 0:02:45]} 31. b7 {[%emt 0:01:34]} Ra6 {[%emt 0:00:32]} 32. Qg3 {[%emt 0:00:30]} Kh7 {[%emt 0:00:40]} 33. Bf4 {[%emt 0:00:15]} Qa7 {[%emt 0:00:27]} 34. b8=Q {[%emt 0:00:25]} Qxb8 {[%emt 0:00:29]} 35. Rxf7 {[%emt 0:00:02]} Bxf7 {[%emt 0:00:18]} 36. Bxb8 {[%emt 0:00:01]} Re1+ {[%emt 0:00:23]} 37. Kh2 {[%emt 0:00:02]} Rae6 {[%emt 0:00:31]} 38. Rd7 {[%emt 0:00:22]} Kg8 {[%emt 0:00:18]} 39. Bf4 {[%emt 0:00:41]} Ra1 {[%emt 0:00:36]} 40. Bxh6 {[%emt 0:00:00]} Rxh6 {[%emt 0:00:00]} 41. Qb8+ {[%emt 0:00:23]} Kh7 {[%emt 0:00:28]} 42. Rxf7 {[%emt 0:00:06]} Re6 {[%emt 0:00:40]} 43. Qg3 {[%emt 0:00:36]} Rg6 {[%emt 0:01:54]} 44. Qh4+ {[%emt 0:00:03]} Kg8 {[%emt 0:00:18]} 45. Rf4 {[%emt 0:00:28]} Rd6 {[%emt 0:01:02]} 46. Rf5 {[%emt 0:01:02]} Rc1 {[%emt 0:01:22]} 47. Qe7 {[%emt 0:00:17]} Rcc6 {[%emt 0:01:53]} 48. Rxa5 {[%emt 0:01:53]} Re6 {[%emt 0:01:10]} 49. Ra8+ {[%emt 0:00:10]} Kh7 {[%emt 0:00:21]} 50. Qh4+ {[%emt 0:00:27]} Rh6 {[%emt 0:02:01]} 51. Qxb4 {[%emt 0:00:02]} Rb6 {[%emt 0:00:16]} 52. Qe4+ {[%emt 0:00:13]} Rbg6 {[%emt 0:00:37]} 53. Ra6 {[%emt 0:00:08]} Rxh3+ {[%emt 0:00:29]} 54. gxh3 {[%emt 0:00:10]} Kh8 {[%emt 0:00:19]} 55. Qxg6 {[%emt 0:00:14]} Kg8 {[%emt 0:00:32]} 56. Ra8# {[%emt 0:00:01]} 1-0